Language Systems Fortran 3.0 reference manual

Bibliographic Details
Main Author: Burronughs, Corporation
Format: Section = Libro
Language:Undetermined
Spanish
Published: London [s.e] 1968
Subjects:
LEADER 00528nam a2200193Ia 4500
008 240830s9999 xx 000 0 und d
040 |a CEDOC FIQ-RUSB / 511 B972 
041 |a spa 
082 |a 511 B972 
100 1 |a Burronughs, Corporation 
245 1 0 |a Language Systems Fortran 3.0 reference manual 
260 |a London  |b [s.e]  |c 1968 
300 |a 431 p.: il. 
650 7 |a ANÁLISIS NÚMERICO 
650 7 |b  USO DE SISTEMAS DE IDIOMA FORTRAN 
650 7 |c  USO DE LA COMPILADORA 
942 |c BK  |2 ddc 
991 |a TEXTO 
999 |c 13158